00457nam a2200181Ia 4500001000900000003000500009005001700014008004100031010001100072040000900083082001500092100001700107245004800124260003200172300001100204400003000215650003000245dia_1823CHAP20251027153446.0220117s1981 xx 000 0 und d a172362 cCHAP a631.541 R5 aRigau, Alejo aInjerto de los Frutales /c por Alejo Rigau aBarcelona :b Sintes,c1981 a126 p. aBIBLIOTECA DEL AGRICULTOR a1.Injertos (agricultura).